Normal view
MARC view
- Thaler, George Julius
Entry Personal Name
001 - CONTROL NUMBER
- control field: 111725
003 - CONTROL NUMBER IDENTIFIER
- control field: NUST
005 - DATE AND TIME OF LATEST TRANSACTION
- control field: 20230404120826.0
008 - FIXED-LENGTH DATA ELEMENTS
- fixed length control field: 230404|| aca||aabn | a|a d
040 ## - CATALOGING SOURCE
- Original cataloging agency: NUST
- Transcribing agency: NUST
100 ## - HEADING--PERSONAL NAME
- Personal name: Thaler, George Julius
670 ## - SOURCE DATA FOUND
- Source citation: Work cat.: (NUST)183984: Thaler, George Julius, Elements of servomechanism theory, 1955
